000 00365cam a2200145ua 4500
041 _aeng
_h
082 _a425
_bBRU/EN
100 _aBruton, J G .
245 _aEnglish verb in context /
_cJ G Bruton.
_hTextual Documents
260 _aCambridge :
_bCambridge University Press ,
_c1964.
300 _a58 ; .
504 _a
942 _cBK
999 _c12196
_d12196